Sports Quiz

Random Sports or NBA Quiz

NBA All-Star MVPs by Image (1984-2021) Quiz Stats

 Plays Quiz Updated Mar 8, 2021

Support Sporcle.
Go Orange.
Score 0/25 Timer 06:00
2 Plays Today
Year MVP % Correct
1988,1996,1998Michael Jordan
98%
2002, 2007, 2009, 2011Kobe Bryant
96.4%
2006, 2008, 2018LeBron James
95.9%
1990,1992Magic Johnson
95%
1991Charles Barkley
94.8%
2000, 2004, 2009Shaquille O'Neal
94.7%
2000Tim Duncan
94.5%
2017Anthony Davis
93.6%
2001, 2005Allen Iverson
93.5%
2020Kawhi Leonard
93.5%
2012, 2019Kevin Durant
92.8%
2013Chris Paul
91.4%
1993John Stockton
91.3%
Year MVP % Correct
2010Dwyane Wade
90.7%
1989,1993Karl Malone
90.6%
1984, 1986Isiah Thomas
89.9%
2003Kevin Garnett
89.9%
2015, 2016Russell Westbrook
88.9%
1994Scottie Pippen
88.4%
2021Giannis Antetokounmpo
87%
2014Kyrie Irving
86.5%
1985Ralph Sampson
50.5%
1997Glen Rice
46.8%
1995Mitch Richmond
28.7%
1987Tom Chambers
28.3%

From the Vault

NBA Double-Double Rookies

by ec2tc3

Sports 8m
Double-Double, the stat so nice, you say it twice.
Remove Ads.
Support Sporcle.
Get the best of Sporcle when you Go Orange. This ad-free experience offers more features, more stats, and more fun while also helping to support Sporcle. Thank you for becoming a member.

Show Comments

Extras

Top Quizzes Today


Score Distribution

Your Account Isn't Verified!

In order to create a playlist on Sporcle, you need to verify the email address you used during registration. Go to your Sporcle Settings to finish the process.

Report this User

Report this user for behavior that violates our Community Guidelines.

Details: